大手鉄道会社で最も長い駅名 - Statistics

General Stats
  • This quiz has been taken 57 times
    48 since last reset
  • The average score is 10 of 26
Answer Stats
会社名 読み仮名 駅名 % Correct
京浜急行電鉄 19文字 羽田空港第1・第2ターミナル
70%
小田急電鉄 11文字 小田急多摩センター
67%
東武鉄道 12文字 東武ワールドスクウェア
65%
東急電鉄 15文字 南町田グランベリーパーク
65%
相模鉄道 11文字 羽沢横浜国大
63%
京王電鉄 13文字 府中競馬正門前
58%
東京地下鉄 11文字 新宿三丁目
49%
阪急電鉄 11文字 雲雀丘花屋敷
49%
阪神電気鉄道 14文字 尼崎センタープール前
49%
JR北海道 14文字 北海道医療大学
47%
西武鉄道 11文字 西武球場前
44%
小田急電鉄 11文字 成城学園前
40%
京成電鉄 12文字 京成幕張本郷
40%
東京地下鉄 11文字 新宿御苑前
40%
南海電気鉄道 10文字 林間田園都市
37%
南海電気鉄道 10文字 和歌山大学前
35%
東京地下鉄 11文字 六本木一丁目
33%
JR東日本 17文字 上越国際スキー場前
30%
東武鉄道 12文字 板倉東洋大前
30%
西日本鉄道 12文字 聖マリア病院前
26%
京阪電気鉄道 15文字 ケーブル八幡宮山上
23%
近畿日本鉄道 13文字 大阪教育大前
19%
JR四国 12文字 栗林公園北口
14%
JR九州 12文字 九州工大前
14%
JR西日本 13文字 JR俊徳道
14%
JR東海 9文字 中部天竜
12%
No matching quizzes found
Score Distribution
Percent of People with Each Score
Percentile by Number Answered
Your Score History
You have not taken this quiz since the last reset